| 000 | 00646nac a22001811u 4500 | ||
|---|---|---|---|
| 020 | _a818845866x | ||
| 082 |
_a621.38104 _bG9592 |
||
| 090 |
_c2840 _d2840 |
||
| 100 | _aGupta,J.B. | ||
| 245 |
_aElectronic measurements and instrumentation./ _cJ.B.Gupta. |
||
| 260 |
_aDelhi:2006. _bS.K.Kataria and Sons, _cc.2006. |
||
| 300 |
_a488p.: _bill; _c25cm. |
||
| 504 | _aIncludes Index. | ||
| 650 | _aElectronic measurements. | ||
| 650 | _aElectronic instruments. | ||
| 942 |
_cBB _k621.38104G9592 |
||
| 999 |
_c2840 _d2840 |
||